000 01067cam a22003257a 4500
001 16448460
003 Nust- CAS-E
005 20180118181406.0
008 100907s2010 njua b 001 0 eng d
010 _a 2010282290
015 _aGBB067172
_2bnb
016 7 _a015566256
_2Uk
020 _a9780470625910 (hbk.)
020 _a0470625910 (hbk.)
035 _a(OCoLC)ocn636910217
040 _aUKM
_cUKM
_dBTCTA
_dYDXCP
_dC#P
_dDLC
042 _alccopycat
050 0 0 _aTK2980
_b.Z58 2010
082 0 4 _a621.3126
_222
_bZIT-E 2010
100 1 _aZito, Ralph.
245 1 0 _aEnergy storage :
_ba new approach /
_cRalph Zito.
260 _aHoboken, N.J. :
_bWiley-Blackwell ;
_aSalem, MA :
_bScrivener,
_cc2010.
300 _axvi, 303 p. :
_bill. ;
_c25 cm.
502 _a0
504 _aIncludes bibliographical references (p. 297-299) and index.
650 0 _aEnergy storage.
906 _a7
_bcbc
_ccopycat
_d2
_encip
_f20
_gy-gencatlg
942 _2ddc
_cBK
999 _c355578
_d355578